Worst Defenses in College Football 2023 - Statistics

General Stats
  • This quiz has been taken 23 times
  • The average score is 12 of 25
Answer Stats
Team Yards Allowed per Game % Correct
Colorado 453.3
95%
Baylor 421.3
63%
Tulsa 444.7
63%
Oklahoma State 441.8
58%
Arkansas State 443.6
53%
BYU 417.7
53%
Nevada 442.8
53%
Stanford 461.7
53%
Utah State 433.1
53%
Vanderbilt 454.9
53%
FIU 436.7
47%
Houston 423.9
47%
UAB 435.0
47%
USC 432.8
47%
Louisiana-Monroe 446.8
42%
Louisiana Tech 418.2
42%
Southern Miss 420.8
42%
Temple 441.6
42%
North Texas 476.4
37%
South Florida 432.5
37%
Western Kentucky 419.9
37%
Georgia State 425.3
32%
Georgia Tech 437.1
26%
Massachusetts 428.0
26%
Memphis 424.5
26%
No matching quizzes found
Score Distribution
Percent of People with Each Score
Percentile by Number Answered
Your Score History
You have not taken this quiz